00701nam a2200217Ia 45000010006000000050017000060070003000230080041000260400025000670410008000920820019001001000023001192450076001422500014002182600052002323000025002846530014003099420012003239520131003359990017004664883820240114003925.0ta090520s1905 g b000 u Eng u aCotton College,Assam aEng a821.7bM 593 J aMiles, Alfred H. . 0aJohn Keats To Edward, Lord Lyton /cAlfred H. Miles.hTextual Documents a1st ed. / aLondon :bGeorge Routledge & Sons, Ltd ,c1905. axiv,640p. ;c12 cm.. aG-English 2ddccBK 001040708Circulation (G)aSKBLbSKBLd2012-02-01f00000l0o821.7 M 593 Jp4203/Newr2024-01-14 00:00:00t1w2012-02-01yBK c48803d48803